000 00627nam a2200193Ia 4500
005 20260429112042.0
008 260429s9999||||xx |||||||||||||| ||und||
020 _a9788119680832
041 _aHindi
082 _a150
_bMAK
100 _aमकवाना, सुरेश
245 0 _aसामाजिक मनोविज्ञान /
_cसुरेश मकवाना
250 _a1st ed.
260 _aदिल्ली :
_bएकैडमिक पब्लिकेशन,
_c2025.
300 _a292 p.; Hb
650 _aSocial Psychology
700 _a रोहित, विकास
942 _cTB
999 _c52096
_d52096